[Event "CYCC U16 w"]
[Site "Calgary CAN"]
[Date "2023.07.21"]
[Round "6.45"]
[White "Gokhale, Tanishka"]
[Black "Jain, Ankita"]
[Result "1/2-1/2"]
[WhiteElo "1543"]
[BlackElo "1467"]
[PlyCount "69"]
[EventDate "2023.07.19"]
[EventType "swiss"]
[EventRounds "7"]
[EventCountry "CAN"]

1. e4 e6 2. d4 d5 3. Nd2 dxe4 4. Nxe4 Be7 5. Nf3 Nf6 6. Nxf6+ Bxf6 7. c3 O-O 8.
Bd3 Re8 9. O-O Nd7 10. Qc2 g6 11. Be3 b6 12. Be4 Rb8 13. Rfd1 Qe7 14. Bf4 e5
15. Bg3 b5 16. Re1 Qd6 17. Rad1 Qb6 18. dxe5 Nxe5 19. Nxe5 Bxe5 20. Bd5 Bf5 21.
Qb3 Qf6 22. Bxf7+ Qxf7 23. Qxf7+ Kxf7 24. Bxe5 Re7 25. Bd4 Rbe8 26. Rxe7+ Rxe7
27. Be3 a6 28. h3 Rd7 29. Rxd7+ Bxd7 30. Kf1 Bf5 31. Ke2 Ke6 32. Bf4 c5 33. Ke3
Kd5 34. Bg5 Ke5 35. Be7 1/2-1/2

[Event "CYCC U16 w"]
[Site "Calgary CAN"]
[Date "2023.07.21"]
[Round "6.46"]
[White "Sreekumar, Gauri"]
[Black "Zhong, April"]
[Result "0-1"]
[WhiteElo "1633"]
[BlackElo "1938"]
[PlyCount "52"]
[EventDate "2023.07.19"]
[EventType "swiss"]
[EventRounds "7"]
[EventCountry "CAN"]

1. d4 d5 2. c4 dxc4 3. Nf3 Nf6 4. e3 e6 5. Bxc4 a6 6. a4 c5 7. O-O Nc6 8. Qe2
Qc7 9. Nc3 Be7 10. Rd1 O-O 11. dxc5 Bxc5 12. e4 Ng4 13. Rf1 Nd4 14. g3 Nxe2+
15. Nxe2 Nxf2 16. Rxf2 Bxf2+ 17. Kxf2 Qxc4 18. Be3 Bd7 19. Rc1 Qxe4 20. b3 Rac8
21. Nc3 Qb4 22. Bd2 Qxb3 23. Nd4 Qb6 24. Be3 e5 25. Nf5 Qb2+ 26. Kf1 Bxf5 0-1

[Event "CYCC U16 w"]
[Site "Calgary CAN"]
[Date "2023.07.21"]
[Round "6.47"]
[White "Surya, Dania"]
[Black "Jeweli, Rosalina"]
[Result "0-1"]
[WhiteElo "1491"]
[BlackElo "1605"]
[PlyCount "106"]
[EventDate "2023.07.19"]
[EventType "swiss"]
[EventRounds "7"]
[EventCountry "CAN"]

1. e4 c5 2. b3 Nc6 3. Bb2 Nf6 4. e5 Nd5 5. Nf3 d6 6. c4 Nc7 7. exd6 Qxd6 8. Be2
Bf5 9. a3 O-O-O 10. O-O Nd4 11. Bxd4 cxd4 12. d3 h5 13. Nh4 Bd7 14. Nd2 g5 15.
Ne4 Qh6 16. Nf3 g4 17. Ne1 f5 18. Nc5 Bc6 19. b4 b6 20. Nb3 h4 21. Bxg4 fxg4
22. Qxg4+ Qe6 23. Qxe6+ Nxe6 24. b5 Bb7 25. f3 Bh6 26. Nc2 Rhg8 27. Rad1 h3 28.
g3 Bf4 29. Kf2 Bc7 30. Rde1 Rg6 31. Nd2 Nc5 32. Ke2 Re6+ 33. Ne4 Nxe4 34. fxe4
Bxe4 35. Kd2 Bd5 36. Rxe6 Bxe6 37. Nb4 Bd7 38. Rf7 Rh8 39. Rf1 Kb7 40. Nc2 e5
41. Ne1 a6 42. a4 Bd6 43. Ke2 Bg4+ 44. Kf2 Rf8+ 45. Kg1 Re8 46. Rf7+ Re7 47.
Rf2 e4 48. dxe4 Rxe4 49. Nd3 Be2 50. Nf4 Bxf4 51. Rxf4 Rxf4 52. gxf4 Bxc4 53.
bxa6+ Kxa6 0-1

[Event "CYCC U16 w"]
[Site "Calgary CAN"]
[Date "2023.07.22"]
[Round "7.43"]
[White "Mok, Gillian"]
[Black "Ruchinskaya, Valerie"]
[Result "0-1"]
[WhiteElo "1999"]
[BlackElo "2058"]
[PlyCount "120"]
[EventDate "2023.07.19"]
[EventType "swiss"]
[EventRounds "7"]
[EventCountry "CAN"]

1. e4 e6 2. d4 d5 3. exd5 exd5 4. Nf3 Bd6 5. Bd3 Nc6 6. O-O Bg4 7. c3 Nge7 8.
h3 Bh5 9. Re1 Qd7 10. b3 Bg6 11. Ba3 O-O-O 12. Bxd6 Qxd6 13. a4 f6 14. b4 Bxd3
15. Qxd3 g5 16. a5 h5 17. b5 Nb8 18. Na3 Rdg8 19. c4 g4 20. Nd2 gxh3 21. Qxh3+
Qd7 22. Qxd7+ Kxd7 23. Nb3 Rh7 24. Nc5+ Kc8 25. Ne6 Nd7 26. Rac1 Nf8 27. cxd5
Nxd5 28. Nxf8 Rxf8 29. Rc5 Rd8 30. Re6 b6 31. axb6 axb6 32. Rc4 Rg7 33. Kf1
Rdg8 34. g3 h4 35. Rd6 hxg3 36. Kg2 Nf4+ 37. Kf3 g2 38. Rc1 Nd3 39. Rdc6 Nxc1
40. Rxc1 g1=Q 41. Rxg1 Rxg1 42. Nc4 Rc1 43. Ne3 Rc3 44. Kf4 Rxe3 45. fxe3 Kd7
46. Kf5 Re8 47. e4 c6 48. bxc6+ Kxc6 49. e5 fxe5 50. dxe5 Kd5 51. Kf4 Rxe5 52.
Kf3 b5 53. Kf4 b4 54. Kf3 b3 55. Kf2 b2 56. Kg2 b1=Q 57. Kf3 Qd3+ 58. Kf4 Qe3+
59. Kg4 Rg5+ 60. Kh4 Qg3# 0-1

[Event "CYCC U16 w"]
[Site "Calgary CAN"]
[Date "2023.07.22"]
[Round "7.44"]
[White "Jeweli, Rosalina"]
[Black "Zhong, April"]
[Result "0-1"]
[WhiteElo "1605"]
[BlackElo "1938"]
[PlyCount "124"]
[EventDate "2023.07.19"]
[EventType "swiss"]
[EventRounds "7"]
[EventCountry "CAN"]

1. d4 d5 2. Bf4 Nf6 3. Nf3 e6 4. e3 c5 5. c3 Nc6 6. Nbd2 Bd6 7. Be2 Bxf4 8.
exf4 cxd4 9. cxd4 Qd6 10. g3 Qb4 11. Qb3 Qd6 12. O-O O-O 13. Rac1 Rb8 14. Qc3
Ne4 15. Nxe4 dxe4 16. Ne5 Nxd4 17. Qe3 Nxe2+ 18. Qxe2 f6 19. Nc4 Qa6 20. a3 b5
21. Ne3 Qb6 22. Qc2 Bb7 23. Qc5 Rbc8 24. Qxb6 axb6 25. Rxc8 Rxc8 26. Rd1 Kf8
27. Rd6 Rc6 28. Rxc6 Bxc6 29. b4 Kf7 30. Nc2 Ke7 31. Kf1 Kd6 32. Nd4 Kd5 33.
Nxc6 Kxc6 34. Ke2 Kd5 35. Kd2 Kd4 36. h4 f5 37. h5 h6 38. Kc2 e3 39. f3 e2 40.
Kd2 e1=Q+ 41. Kxe1 Ke3 42. g4 fxg4 43. fxg4 Kxf4 44. Kf2 Kxg4 45. Ke3 Kxh5 46.
Ke4 g5 47. Kf3 Kh4 48. Kf2 Kh3 49. Kg1 Kg3 50. Kf1 Kh2 51. Kf2 g4 52. a4 bxa4
53. b5 g3+ 54. Ke3 g2 55. Ke4 g1=Q 56. Ke5 Qc5+ 57. Ke4 a3 58. Kf4 a2 59. Ke4
a1=Q 60. Kf4 Qae5+ 61. Kf3 Qce3+ 62. Kg4 Q3f4# 0-1

[Event "CYCC U16 w"]
[Site "Calgary CAN"]
[Date "2023.07.22"]
[Round "7.45"]
[White "Jain, Ankita"]
[Black "Koop, Alison"]
[Result "1-0"]
[WhiteElo "1467"]
[BlackElo "1250"]
[PlyCount "51"]
[EventDate "2023.07.19"]
[EventType "swiss"]
[EventRounds "7"]
[EventCountry "CAN"]

1. d4 d5 2. c4 c6 3. Nf3 Nf6 4. Nc3 e6 5. e3 Bd6 6. Be2 O-O 7. O-O Nbd7 8. b3
Re8 9. Bb2 Nf8 10. Qc2 Bd7 11. Ne5 Rc8 12. f4 c5 13. g4 Bc6 14. Rad1 a6 15. Bf3
Qb6 16. Qe2 Qa7 17. g5 N6d7 18. cxd5 exd5 19. Bxd5 Bxe5 20. dxe5 Nb6 21. Bxc6
Rxc6 22. Ne4 c4 23. Nd6 Re7 24. Nf5 Rec7 25. Rd8 Re6 26. Ba3 1-0

[Event "CYCC U16 w"]
[Site "Calgary CAN"]
[Date "2023.07.22"]
[Round "7.46"]
[White "Lin, Angela"]
[Black "Gokhale, Tanishka"]
[Result "0-1"]
[WhiteElo "1469"]
[BlackElo "1543"]
[PlyCount "140"]
[EventDate "2023.07.19"]
[EventType "swiss"]
[EventRounds "7"]
[EventCountry "CAN"]

1. d4 d5 2. Bf4 Nf6 3. Nf3 Bf5 4. e3 e6 5. Bd3 Bg6 6. Bxg6 hxg6 7. Nbd2 Nbd7 8.
c3 c5 9. Ne5 Nxe5 10. dxe5 Nh5 11. Bg3 Nxg3 12. fxg3 Qc7 13. Qa4+ Qc6 14. Qxc6+
bxc6 15. Nf3 Rb8 16. Rb1 Be7 17. O-O O-O 18. a3 a5 19. Nd2 Rb7 20. b3 Rfb8 21.
Rb2 a4 22. Rfb1 axb3 23. Rxb3 Rxb3 24. Nxb3 Ra8 25. Ra1 c4 26. Nd4 Rxa3 27.
Rxa3 Bxa3 28. Nxc6 Bb2 29. Nd4 Bxc3 30. Kf2 Bxd4 31. exd4 f6 32. Ke3 Kh7 33. g4
Kh6 34. g3 Kg5 35. h3 f5 36. gxf5 gxf5 37. Kf3 Kh6 38. h4 g5 39. hxg5+ Kxg5 40.
Ke3 Kg4 41. Kf2 c3 42. Ke3 Kxg3 43. Kd3 c2 44. Kxc2 Kg2 45. Kc3 f4 46. Kb4 f3
47. Kc5 f2 48. Kd6 f1=Q 49. Kxe6 Qc4 50. Kd6 Qxd4 51. e6 Qe4 52. e7 Qxe7+ 53.
Kxe7 d4 54. Ke6 d3 55. Ke5 d2 56. Ke4 d1=Q 57. Ke5 Qd3 58. Kf4 Qe2 59. Kf5 Qe3
60. Kf6 Qe4 61. Kg5 Qf3 62. Kg6 Qf4 63. Kg7 Qf5 64. Kh6 Qg4 65. Kh7 Qg5 66. Kh8
Kf3 67. Kh7 Kf4 68. Kh8 Kf5 69. Kh7 Kf6 70. Kh8 Qg7# 0-1

[Event "CYCC U16 w"]
[Site "Calgary CAN"]
[Date "2023.07.22"]
[Round "7.47"]
[White "Sreekumar, Gauri"]
[Black "Surya, Dania"]
[Result "1/2-1/2"]
[WhiteElo "1633"]
[BlackElo "1491"]
[PlyCount "71"]
[EventDate "2023.07.19"]
[EventType "swiss"]
[EventRounds "7"]
[EventCountry "CAN"]

1. d4 d5 2. c4 c6 3. Nf3 Nf6 4. e3 Bf5 5. Nc3 e6 6. Qb3 Qb6 7. Be2 Nbd7 8. Bd2
Be7 9. O-O O-O 10. c5 Qc7 11. Rac1 Rfe8 12. Rfd1 Bf8 13. Nh4 Bg6 14. Nxg6 hxg6
15. Qc2 e5 16. b4 exd4 17. exd4 Ne4 18. Nxe4 Rxe4 19. Be3 Nf6 20. Bf3 Rh4 21.
g3 Rh8 22. Bf4 Qd7 23. h4 Be7 24. Re1 Nh5 25. Bxh5 Rxh5 26. Qe2 Bf6 27. Rcd1
Rh8 28. Rd3 Qf5 29. Be5 Re8 30. Re3 Bxe5 31. Rxe5 Rxe5 32. Qxe5 Qxe5 33. Rxe5
Kf8 34. Kg2 f6 35. Re6 Kf7 36. Re3 1/2-1/2

[Event "CYCC U18"]
[Site "Calgary CAN"]
[Date "2023.07.19"]
[Round "1.1"]
[White "Han, Johnathan"]
[Black "Yang, Henry"]
[Result "1-0"]
[WhiteElo "2404"]
[BlackElo "1818"]
[PlyCount "91"]
[EventDate "2023.07.19"]
[EventType "swiss"]
[EventRounds "5"]
[EventCountry "CAN"]

1. e4 e5 2. Nf3 Nc6 3. d4 exd4 4. Nxd4 Nf6 5. Nc3 Bb4 6. Nxc6 bxc6 7. Bd3 d5 8.
exd5 cxd5 9. O-O O-O 10. Bg5 c6 11. h3 Re8 12. Ne2 h6 13. Bh4 Be7 14. Nd4 Qb6
15. Re1 Bd7 16. Bf5 c5 17. Bxd7 Nxd7 18. Bxe7 cxd4 19. b3 Rac8 20. Ba3 Rxe1+
21. Qxe1 Qg6 22. Bb2 Nb6 23. Bxd4 Rxc2 24. a4 Kh7 25. Qb4 Qd3 26. Re1 Rd2 27.
Bc3 Rc2 28. Ba1 Qd2 29. Qxd2 Rxd2 30. g3 Kg6 31. Kg2 Rd3 32. Re3 Rd1 33. Bb2
Rd2 34. Bc3 Rd1 35. Ba5 Kf6 36. Re8 Rd3 37. Re3 Rd1 38. Rc3 d4 39. Rc7 Nd5 40.
Rxa7 d3 41. Kf3 d2 42. Rb7 Ke5 43. Ke2 Rh1 44. Bxd2 Rxh3 45. a5 Rh1 46. Be1 1-0

[Event "CYCC U18"]
[Site "Calgary CAN"]
[Date "2023.07.19"]
[Round "1.3"]
[White "Doknjas, Neil"]
[Black "Scrieciu, Cristian"]
[Result "1-0"]
[WhiteElo "2297"]
[BlackElo "1626"]
[PlyCount "73"]
[EventDate "2023.07.19"]
[EventType "swiss"]
[EventRounds "5"]
[EventCountry "CAN"]

1. Nc3 d5 2. d4 Nf6 3. Bf4 e6 4. Nb5 Bb4+ 5. c3 Ba5 6. e3 a6 7. Na3 Nbd7 8. b4
Bb6 9. Bd3 c6 10. g4 Bc7 11. g5 Ng8 12. Bxc7 Qxc7 13. f4 Ne7 14. Nf3 b6 15. Rc1
Qd6 16. Ne5 a5 17. Qa4 Bb7 18. b5 c5 19. Kd2 c4 20. Bb1 O-O-O 21. Nxf7 Qc7 22.
Nc2 h6 23. Qa3 Nf5 24. Ne1 hxg5 25. Nxg5 Nf8 26. Nef3 Re8 27. Nxe6 Qe7 28. Qxe7
Rxe7 29. Bxf5 Nxe6 30. Ng5 Kd7 31. Nxe6 Kd6 32. Ng5 Rf8 33. Bg6 Bc8 34. Nf3 Rf6
35. Ne5 Bd7 36. a4 Ree6 37. Rcg1 1-0

[Event "CYCC U18"]
[Site "Calgary CAN"]
[Date "2023.07.19"]
[Round "1.4"]
[White "Pan, Kane"]
[Black "Issani, Nameer"]
[Result "0-1"]
[WhiteElo "1574"]
[BlackElo "2242"]
[PlyCount "88"]
[EventDate "2023.07.19"]
[EventType "swiss"]
[EventRounds "5"]
[EventCountry "CAN"]

1. d4 Nf6 2. c4 e6 3. Nf3 Bb4+ 4. Nbd2 O-O 5. a3 Bxd2+ 6. Qxd2 d6 7. e3 Nbd7 8.
Bd3 e5 9. Qc2 Re8 10. Be2 e4 11. Nd2 Nf8 12. h3 c6 13. b3 Ng6 14. Bb2 Qe7 15.
O-O-O d5 16. Rdg1 Be6 17. c5 Nd7 18. b4 a5 19. b5 cxb5 20. Bxb5 Rec8 21. Kb1 b6
22. c6 Nb8 23. Qa4 Ra7 24. Rc1 Qd6 25. Rc3 Ne7 26. Rhc1 Rac7 27. f3 exf3 28.
Nxf3 f6 29. Nd2 Nbxc6 30. Bd3 h6 31. e4 Qf4 32. Bb5 Qxd2 33. Bxc6 Nxc6 34. Rxc6
Rxc6 35. Rxc6 Rxc6 36. Qxc6 Qd3+ 37. Ka1 Qxe4 38. Qxb6 Bf5 39. Ka2 Qb1+ 40. Kb3
Qc2+ 41. Ka2 Qc4+ 42. Ka1 Qf1+ 43. Ka2 Bb1+ 44. Kb3 Qc4# 0-1

[Event "CYCC U18"]
[Site "Calgary CAN"]
[Date "2023.07.19"]
[Round "1.5"]
[White "Gao, Raymond"]
[Black "Yuan, Justin"]
[Result "1-0"]
[WhiteElo "2222"]
[BlackElo "1519"]
[PlyCount "81"]
[EventDate "2023.07.19"]
[EventType "swiss"]
[EventRounds "5"]
[EventCountry "CAN"]

1. e4 c6 2. Nf3 d5 3. exd5 cxd5 4. Ne5 Nf6 5. d4 Nc6 6. Bb5 Bd7 7. Nxd7 Qxd7 8.
c3 e6 9. O-O Bd6 10. Nd2 h5 11. Qe2 O-O-O 12. Bd3 Qc7 13. Nf3 g5 14. Bxg5 Be7
15. Ne5 Ng4 16. Bxe7 Ncxe5 17. dxe5 Qxe7 18. f3 Nxh2 19. Kxh2 Qh4+ 20. Kg1 Rdg8
21. Qf2 Rg3 22. Rfe1 Rhg8 23. Bf1 Qf4 24. Qe3 Qf5 25. Kf2 h4 26. Re2 b6 27. Rd2
h3 28. gxh3 Rxh3 29. Bxh3 Qxh3 30. Rf1 Qh4+ 31. Ke2 Qc4+ 32. Qd3 Qxa2 33. Qb5
Kb7 34. Rh1 a6 35. Qb4 Rc8 36. Rh7 Rc7 37. Qf4 d4 38. Rxf7 dxc3 39. Rxc7+ Kxc7
40. bxc3 Qb3 41. Qb4 1-0

[Event "CYCC U18"]
[Site "Calgary CAN"]
[Date "2023.07.19"]
[Round "1.6"]
[White "Tremblay, Xavier"]
[Black "Chandra, Anand Rishi"]
[Result "0-1"]
[WhiteElo "1495"]
[BlackElo "2199"]
[PlyCount "88"]
[EventDate "2023.07.19"]
[EventType "swiss"]
[EventRounds "5"]
[EventCountry "CAN"]

1. d4 d5 2. c4 e6 3. Nc3 Nf6 4. cxd5 exd5 5. Bg5 Be7 6. e3 O-O 7. Bd3 c6 8.
Nge2 Nbd7 9. O-O Re8 10. Qc2 Nf8 11. f3 Ng6 12. e4 dxe4 13. fxe4 Ng4 14. Bxe7
Qxe7 15. Qd2 c5 16. Bc4 Rf8 17. Nf4 Qg5 18. Nce2 cxd4 19. Qxd4 N4e5 20. Nxg6
hxg6 21. h4 Qe7 22. Nf4 Rd8 23. Nd5 Qd6 24. Rad1 Kh8 25. Be2 Be6 26. Qe3 b6 27.
Nf4 Qe7 28. Qc3 Bxa2 29. b3 Qc5+ 30. Qxc5 bxc5 31. Rc1 Bxb3 32. Rxc5 f6 33. Ra1
Rd4 34. Bf3 a6 35. Rca5 Bc4 36. Nd5 Rb8 37. Kh2 Rb3 38. Nf4 Nxf3+ 39. gxf3 Rxf3
40. Nxg6+ Kh7 41. Kg2 Rc3 42. Ne7 Rd2+ 43. Kg1 Rg3+ 44. Kh1 Rh3+ 0-1

[Event "CYCC U18"]
[Site "Calgary CAN"]
[Date "2023.07.19"]
[Round "1.7"]
[White "Kapra, Jerjis"]
[Black "Guo, Roger"]
[Result "1-0"]
[WhiteElo "2198"]
[BlackElo "1413"]
[PlyCount "105"]
[EventDate "2023.07.19"]
[EventType "swiss"]
[EventRounds "5"]
[EventCountry "CAN"]

1. e4 e5 2. Nf3 Nc6 3. d4 exd4 4. Bc4 Bb4+ 5. c3 dxc3 6. bxc3 Bd6 7. O-O Nf6 8.
e5 Bxe5 9. Nxe5 Nxe5 10. Re1 Qe7 11. Ba3 d6 12. f4 Bg4 13. Be2 Bxe2 14. Rxe2
O-O-O 15. fxe5 dxe5 16. Qa4 Qe6 17. Nd2 Qb6+ 18. Kh1 Nd5 19. Nc4 Qc6 20. Qxc6
bxc6 21. Rxe5 f6 22. Re6 Kd7 23. Re2 Nxc3 24. Rc2 Nd5 25. Na5 Rhe8 26. Nxc6 Ne3
27. Rc3 Ra8 28. h3 Nf5 29. Rd1+ Kc8 30. g4 Nh6 31. Ne7+ Rxe7 32. Bxe7 Nf7 33.
Rdc1 Kd7 34. Rxc7+ Ke6 35. Re1+ Ne5 36. Ba3 Re8 37. Rxa7 Rc8 38. Re7+ Kd5 39.
Rd1+ Ke4 40. Bb2 Rc2 41. Bxe5 fxe5 42. a4 Ra2 43. Re1+ Kf3 44. R7xe5 Kg3 45.
R5e3+ Kh4 46. g5 Kxg5 47. Rg1+ Kh4 48. Rxg7 Kh5 49. Rxh7+ Kg6 50. Rh4 Kg5 51.
Rg4+ Kf5 52. Rf3+ Ke5 53. h4 1-0

[Event "CYCC U18"]
[Site "Calgary CAN"]
[Date "2023.07.19"]
[Round "1.8"]
[White "Diep, Jarret"]
[Black "Wang, Jerry"]
[Result "0-1"]
[WhiteElo "1395"]
[BlackElo "2122"]
[PlyCount "92"]
[EventDate "2023.07.19"]
[EventType "swiss"]
[EventRounds "5"]
[EventCountry "CAN"]

1. d4 Nf6 2. c4 c6 3. Nf3 d5 4. Qc2 g6 5. Bf4 Bf5 6. Qb3 Qb6 7. c5 Qxb3 8. axb3
Bg7 9. Nbd2 Nbd7 10. e3 O-O 11. h3 Ne4 12. b4 Nxd2 13. Kxd2 a6 14. Nh4 Be6 15.
Nf3 f6 16. Bd3 Bf7 17. Rhe1 e5 18. Bg3 e4 19. Bd6 Rfe8 20. Be2 exf3 21. gxf3
Bf8 22. Bf4 Be6 23. Rg1 Bf5 24. h4 Kf7 25. Bh2 h5 26. Ra3 Bh6 27. Rga1 Rac8 28.
Bd6 Bf8 29. Bf4 Be7 30. Bd1 Bd8 31. Bb3 Kg7 32. b5 Nb8 33. b6 Nd7 34. Rg1 Be7
35. Bd1 Kh7 36. e4 dxe4 37. fxe4 Bxe4 38. Re1 f5 39. f3 Bxh4 40. Rh1 Bf6 41.
fxe4 Rxe4 42. Bd6 Rxd4+ 43. Kc2 Nxc5 44. Bxh5 gxh5 45. Rxh5+ Kg6 46. Rah3 Rxd6
0-1

[Event "CYCC U18"]
[Site "Calgary CAN"]
[Date "2023.07.19"]
[Round "1.9"]
[White "Jacobs, Michael"]
[Black "Eirew, David"]
[Result "1-0"]
[WhiteElo "2026"]
[BlackElo "1336"]
[PlyCount "74"]
[EventDate "2023.07.19"]
[EventType "swiss"]
[EventRounds "5"]
[EventCountry "CAN"]

1. e4 d5 2. exd5 Nf6 3. Nc3 Nxd5 4. Bc4 e6 5. Qf3 c6 6. Nge2 Bd6 7. d4 Qc7 8.
Bd2 a6 9. Ne4 Be7 10. Bb3 Nd7 11. c4 N5f6 12. O-O e5 13. Nxf6+ Bxf6 14. Qg3 O-O
15. Nc3 b6 16. Ne4 Kh8 17. Nxf6 gxf6 18. Qh4 Qd8 19. Bc2 f5 20. Bg5 f6 21. Bxf5
Qe7 22. Bh6 Rg8 23. Rae1 Ra7 24. f4 Nf8 25. Bxc8 Ng6 26. Qh3 Qd8 27. Be6 Qxd4+
28. Qe3 Qxe3+ 29. Rxe3 exf4 30. Bxf4 Re8 31. Bf5 Rxe3 32. Bxe3 Ne5 33. Bxb6 Rb7
34. Bd4 Kg7 35. Be4 Rc7 36. Bxe5 fxe5 37. c5 h6 1-0

[Event "CYCC U18"]
[Site "Calgary CAN"]
[Date "2023.07.19"]
[Round "1.10"]
[White "Fu, Matt"]
[Black "Hoekman, Samuel"]
[Result "0-1"]
[WhiteElo "1186"]
[BlackElo "2005"]
[PlyCount "46"]
[EventDate "2023.07.19"]
[EventType "swiss"]
[EventRounds "5"]
[EventCountry "CAN"]

1. d4 e6 2. Bf4 Nf6 3. Nf3 c5 4. e3 Nc6 5. c3 b6 6. Bd3 Bb7 7. Nbd2 cxd4 8.
exd4 Be7 9. O-O O-O 10. Re1 Rc8 11. h3 Nd5 12. Bh2 f5 13. Ne5 Nxe5 14. Bxe5 Qe8
15. Qa4 Qg6 16. Qxd7 Bc6 17. Qxa7 Ra8 18. Qxa8 Bxa8 19. a4 Nf4 20. Bf1 Nxg2 21.
Bg3 Nxe1 22. Rxe1 f4 23. Bc4 fxg3 0-1

[Event "CYCC U18"]
[Site "Calgary CAN"]
[Date "2023.07.19"]
[Round "1.11"]
[White "Qiu, Peter Yong"]
[Black "Yim, Justin"]
[Result "1-0"]
[WhiteElo "1887"]
[BlackElo "967"]
[PlyCount "39"]
[EventDate "2023.07.19"]
[EventType "swiss"]
[EventRounds "5"]
[EventCountry "CAN"]

1. e4 c5 2. Nc3 d6 3. f4 Nc6 4. Nf3 Nf6 5. Bb5 Bd7 6. Bxc6 Bxc6 7. d3 g6 8. O-O
Bg7 9. Qe1 O-O 10. f5 Qb6 11. Qh4 e6 12. Bg5 Nd7 13. Be7 Rfe8 14. f6 Qxb2 15.
Ng5 h6 16. fxg7 Qxc3 17. Qxh6 Qxg7 18. Qxg7+ Kxg7 19. Rxf7+ Kh6 20. Rh7# 1-0

[Event "CYCC U18"]
[Site "Calgary CAN"]
[Date "2023.07.19"]
[Round "2.1"]
[White "Wang, Jerry"]
[Black "Han, Johnathan"]
[Result "0-1"]
[WhiteElo "2122"]
[BlackElo "2404"]
[PlyCount "80"]
[EventDate "2023.07.19"]
[EventType "swiss"]
[EventRounds "5"]
[EventCountry "CAN"]

1. c4 Nf6 2. g3 e6 3. Bg2 d5 4. cxd5 exd5 5. Nf3 Be7 6. O-O O-O 7. d4 c6 8. Qc2
Re8 9. Nc3 Nbd7 10. Re1 Nf8 11. Bd2 g6 12. Rad1 Bf5 13. Qc1 Ne4 14. e3 Bf6 15.
Ne2 Rc8 16. Bc3 Ne6 17. Nd2 N6g5 18. f3 Nxc3 19. Nxc3 Nh3+ 20. Bxh3 Bxh3 21.
Nb3 Bg5 22. Qd2 Qe7 23. Kf2 Qf6 24. Qd3 Bf5 25. e4 dxe4 26. Nxe4 Qg7 27. Re2
Be7 28. Rde1 Red8 29. Qc3 b6 30. Rd1 Be6 31. Ned2 a5 32. Nc4 a4 33. Na1 b5 34.
Ne5 c5 35. Qa5 cxd4 36. Nd3 Qh6 37. Kg1 Qh5 38. Nf4 Qxf3 39. Rf1 Qg4 40. Qd2 d3
0-1

[Event "CYCC U18"]
[Site "Calgary CAN"]
[Date "2023.07.19"]
[Round "2.3"]
[White "Hoekman, Samuel"]
[Black "Doknjas, Neil"]
[Result "0-1"]
[WhiteElo "2005"]
[BlackElo "2297"]
[PlyCount "122"]
[EventDate "2023.07.19"]
[EventType "swiss"]
[EventRounds "5"]
[EventCountry "CAN"]

1. d4 Nf6 2. c4 e6 3. g3 d5 4. Bg2 Be7 5. Nf3 O-O 6. O-O dxc4 7. Qc2 a6 8. a4
Bd7 9. Qxc4 Bc6 10. Bg5 Nbd7 11. Nc3 h6 12. Bxf6 Nxf6 13. Rfd1 Qd6 14. e3 Qb4
15. Qxb4 Bxb4 16. Ne5 Bxg2 17. Kxg2 Rfd8 18. Nd3 Bf8 19. Rac1 a5 20. Nb1 c6 21.
Nd2 Nd5 22. Ne4 Rab8 23. Nec5 Bd6 24. Nb3 Bc7 25. Rc5 f6 26. Rcc1 Kf7 27. Nf4
Nxf4+ 28. gxf4 g5 29. fxg5 hxg5 30. Nd2 g4 31. Ne4 Rd5 32. Rc5 Rh8 33. Ng3 Rxc5
34. dxc5 Rd8 35. Rb1 f5 36. b4 Rd7 37. b5 Ke7 38. bxc6 bxc6 39. Rb2 Rd3 40. Ne2
Kd7 41. Rb7 Kc8 42. Rb2 e5 43. Rc2 f4 44. exf4 exf4 45. Ng1 f3+ 46. Kh1 Rd4 47.
h3 gxh3 48. Rc1 Rxa4 49. Nxf3 Rf4 50. Rc3 a4 51. Ra3 Kb7 52. Ng1 h2 53. Nf3 Ka6
54. Kg2 Rg4+ 55. Kh1 Kb5 56. Ra2 Kxc5 57. Rc2+ Kb5 58. Rb2+ Rb4 59. Nd4+ Kc4
60. Rxb4+ Kxb4 61. Nxc6+ Kc5 0-1

[Event "CYCC U18"]
[Site "Calgary CAN"]
[Date "2023.07.19"]
[Round "2.4"]
[White "Issani, Nameer"]
[Black "Qiu, Peter Yong"]
[Result "1-0"]
[WhiteElo "2242"]
[BlackElo "1887"]
[PlyCount "101"]
[EventDate "2023.07.19"]
[EventType "swiss"]
[EventRounds "5"]
[EventCountry "CAN"]

1. d4 f5 2. c4 g6 3. g3 Bg7 4. Bg2 Nf6 5. Nc3 O-O 6. Nf3 d6 7. O-O Nc6 8. d5
Ne5 9. Nd2 Bd7 10. f4 Nf7 11. Nb3 c5 12. Kh1 Kh8 13. Qd3 Rb8 14. a4 a6 15. Nd2
Qc7 16. b3 Rbe8 17. Bb2 Nd8 18. e4 fxe4 19. Ncxe4 Bf5 20. Qe2 Nxe4 21. Nxe4 e5
22. fxe5 Bxe4 23. Rxf8+ Rxf8 24. Qxe4 Bxe5 25. Bxe5+ dxe5 26. Re1 Nf7 27. Rf1
Qd6 28. Qe3 Kg7 29. b4 Rc8 30. Bh3 Rc7 31. b5 axb5 32. axb5 h6 33. Be6 Ng5 34.
Qf2 Nh7 35. h4 h5 36. Qe3 Nf8 37. b6 Re7 38. Rxf8 Rxe6 39. Rc8 Rf6 40. Rc7+ Rf7
41. Qxc5 Qxc5 42. Rxc5 Kf6 43. Rc7 Rf8 44. Rxb7 e4 45. d6 Ke6 46. c5 Kd5 47.
Re7 Kxc5 48. d7 Rb8 49. Re8 Rxb6 50. d8=Q Rb1+ 51. Kh2 1-0

[Event "CYCC U18"]
[Site "Calgary CAN"]
[Date "2023.07.19"]
[Round "2.5"]
[White "Chandra, Anand Rishi"]
[Black "Qiu, Andrew Yu"]
[Result "1-0"]
[WhiteElo "2199"]
[BlackElo "1867"]
[PlyCount "92"]
[EventDate "2023.07.19"]
[EventType "swiss"]
[EventRounds "5"]
[EventCountry "CAN"]

1. e4 c5 2. Nf3 d6 3. d4 cxd4 4. Nxd4 Nf6 5. Nc3 g6 6. Be2 Bg7 7. O-O Nc6 8.
Nb3 O-O 9. Be3 a6 10. f4 Qc7 11. Bf3 Bd7 12. Qe2 Rac8 13. Rad1 b5 14. a3 Rfd8
15. h3 Na7 16. Qf2 Nc6 17. Bb6 Qb8 18. Bxd8 Rxd8 19. Nd5 b4 20. Nxf6+ Bxf6 21.
e5 Bg7 22. axb4 Qxb4 23. Kh1 Qxf4 24. Bxc6 Qxf2 25. Rxf2 Bxc6 26. Na5 Be4 27.
Re2 Ba8 28. exd6 exd6 29. c4 Bf6 30. Rd3 Kg7 31. Kg1 Bg5 32. b4 f5 33. c5 dxc5
34. Rxd8 Bxd8 35. Re8 Bxa5 36. bxa5 Be4 37. Rc8 Kf6 38. Rxc5 g5 39. Kf2 h5 40.
g3 g4 41. h4 Kg6 42. Ke3 Kf6 43. Rc7 Bd5 44. Rh7 Kg6 45. Rd7 Bc4 46. Rd6+ Kf7
1-0

[Event "CYCC U18"]
[Site "Calgary CAN"]
[Date "2023.07.19"]
[Round "2.5"]
[White "Xu, Philip"]
[Black "Gao, Raymond"]
[Result "0-1"]
[WhiteElo "1878"]
[BlackElo "2222"]
[PlyCount "84"]
[EventDate "2023.07.19"]
[EventType "swiss"]
[EventRounds "5"]
[EventCountry "CAN"]

1. c4 e5 2. Nc3 Bb4 3. Nd5 Be7 4. e3 Nf6 5. Nxe7 Qxe7 6. d3 O-O 7. Nf3 c6 8.
Be2 d5 9. cxd5 cxd5 10. O-O Nc6 11. a3 Rd8 12. b4 e4 13. dxe4 dxe4 14. Nd4 Nxd4
15. exd4 Nd5 16. Bc4 Nb6 17. Ba2 Be6 18. Re1 Bxa2 19. Rxa2 Nd5 20. Rc2 Rac8 21.
Rxc8 Rxc8 22. Qg4 Re8 23. Bh6 g6 24. Bg5 f6 25. Bh6 Qe6 26. Qxe6+ Rxe6 27. Rc1
Rc6 28. Rc5 Nc3 29. Kf1 Kf7 30. Bd2 Rxc5 31. dxc5 Na4 32. Ke2 Ke6 33. f3 f5 34.
fxe4 fxe4 35. Ke3 Kd5 36. Kf4 Nb2 37. Be3 Nc4 38. c6 bxc6 39. Bxa7 Nxa3 40. Bc5
Nc2 41. Kg5 e3 42. Kh6 Nd4 0-1

[Event "CYCC U18"]
[Site "Calgary CAN"]
[Date "2023.07.19"]
[Round "2.8"]
[White "Harms, Reece"]
[Black "Guo, Roger"]
[Result "1-0"]
[WhiteElo "1826"]
[BlackElo "1413"]
[PlyCount "92"]
[EventDate "2023.07.19"]
[EventType "swiss"]
[EventRounds "5"]
[EventCountry "CAN"]

1. e4 e5 2. Nf3 Nc6 3. Bc4 Nf6 4. Ng5 d5 5. exd5 Na5 6. Bb5+ c6 7. dxc6 bxc6 8.
Qf3 Bd7 9. Be2 Bd6 10. O-O Qc7 11. h3 h6 12. Ne4 Nxe4 13. Qxe4 g6 14. Nc3 f5
15. Qa4 Nb7 16. b4 g5 17. Ba3 g4 18. hxg4 fxg4 19. b5 c5 20. Bxg4 Rg8 21. Nd5
Qa5 22. Qxa5 Nxa5 23. Bxd7+ Kxd7 24. Nf6+ Kc7 25. Nxg8 Rxg8 26. d3 Rg4 27. c4
Rh4 28. g3 Rg4 29. Rae1 Nb7 30. Bb2 Rg5 31. Bc3 Kd7 32. Re4 Nd8 33. Rfe1 Nf7
34. Kg2 h5 35. f3 Rf5 36. R4e3 Rg5 37. a4 Nh6 38. Re4 Nf5 39. g4 Nh4+ 40. Kf2
Rg8 41. Bxe5 Rf8 42. R1e3 Bxe5 43. Rxe5 hxg4 44. Re7+ Kd8 45. Rxa7 g3+ 46. Kxg3
Nf5+ 1-0